| 000 | 00970 a2200277 4500 | ||
|---|---|---|---|
| 003 | Nust | ||
| 005 | 20221017134229.0 | ||
| 010 | _a 80019415 | ||
| 020 | _a0876302436 | ||
| 040 | _cNust | ||
| 082 | 0 | 0 | _a616.80475,SMA |
| 100 | 1 |
_aSmall, Leonard, _9100489 |
|
| 245 | 1 | 0 |
_aNeuropsychodiagnosis in psychotherapy / _cLeonard Small. |
| 250 | _aRev. ed. | ||
| 260 |
_aNew York : _bBrunner/Mazel, _cc1980. |
||
| 300 |
_axxxiii, 407 p. ; _c24 cm. |
||
| 505 | _aSymptoms and Syndromes of Special Concern to the Psychotherapist (Page-3), Applications for Psychotherapist (Page-259), Neuropsychology and Neuropsychodiagnosis (Page-321). | ||
| 650 | 0 |
_aBrain _xDiseases _xDiagnosis. _9100490 |
|
| 650 | 0 |
_aMental disorders _xDiagnosis. _95538 |
|
| 650 | 0 |
_aNervous system diseases _xDiagnosis. _9100491 |
|
| 650 | 0 |
_aNeuropsychology. _928650 |
|
| 650 | 0 |
_aPsychodiagnostics. _93569 |
|
| 650 | 0 |
_aPsychotherapy. _94392 |
|
| 650 | 0 |
_aPsychotherapy. _94392 |
|
| 942 |
_2ddc _cBK |
||
| 999 |
_c183170 _d183170 |
||